El Museo Nacional de Antropología (Record no. 9323)
[ view plain ]
| 000 -CABECERA | |
|---|---|
| campo de control de longitud fija | 00736nam a2200229 a 4500 |
| 001 - NÚMERO DE CONTROL | |
| campo de control | BRL_511 |
| 005 - FECHA Y HORA DE LA ÚLTIMA TRANSACCIÓN | |
| campo de control | 20190320210757.0 |
| 008 - DATOS DE LONGITUD FIJA--INFORMACIÓN GENERAL | |
| campo de control de longitud fija | 230813s1968----mx-a######---#000-0#spa-# |
| 041 ## - CÓDIGO DE LENGUA | |
| Código de lengua del texto/banda sonora o título independiente | spa |
| 044 ## - CÓDIGO DEL PAÍS DE LA ENTIDAD EDITORA/PRODUCTORA | |
| Código MARC del país | mx |
| 050 #4 - SIGNATURA TOPOGRÁFICA DE LA BIBLIOTECA DEL CONGRESO | |
| Número de clasificación | GN37.M4 |
| Número de documento/Ítem | .M87 1968 |
| 100 1# - ENTRADA PRINCIPAL--NOMBRE DE PERSONA | |
| Nombre de persona | Ramiìrez Vaìzquez, Pedro, |
| Fechas asociadas al nombre | 1919-2013 |
| 9 (RLIN) | 24147 |
| 245 10 - MENCIÓN DE TÍTULO | |
| Título | El Museo Nacional de Antropología |
| Resto del título | Arte, Arquitectura, Arqueología, Etnografía |
| Mención de responsabilidad, etc. | Pedro Ramírez Vázquez....[et al.] |
| 260 ## - PUBLICACIÓN, DISTRIBUCIÓN, ETC. | |
| Lugar de publicación, distribución, etc. | México |
| Nombre del editor, distribuidor, etc. | Editorial Tláloc |
| Fecha de publicación, distribución, etc. | 1968 |
| 300 ## - DESCRIPCIÓN FÍSICA | |
| Extensión | 257 p. |
| Otras características físicas | il. |
| Dimensiones | 32 cm. |
| 500 ## - NOTA GENERAL | |
| Nota general | Au538 |
| 500 ## - NOTA GENERAL | |
| Nota general | Bibliografía: p. 252-255. |
| 500 ## - NOTA GENERAL | |
| Nota general | Tiene rasgada la cubierta. |
| 610 24 - PUNTO DE ACCESO ADICIONAL DE MATERIA--NOMBRE DE ENTIDAD CORPORATIVA | |
| Nombre de entidad corporativa o nombre de jurisdicción como elemento de entrada | Museo Nacional de Antropologia e Historia (Mexico) |
| 9 (RLIN) | 24148 |
| 902 ## - CATALOGADOR | |
| Iniciales | GRL |
| 942 ## - ELEMENTOS DE PUNTO DE ACCESO ADICIONAL (KOHA) | |
| Fuente del sistema de clasificación o colocación | Library of Congress Classification |
| Tipo de ítem Koha | Libros |
| Estado de retiro | Estado de pérdida | Estado dañado | No para préstamo | Localización permanente | Ubicación/localización actual | Fecha de adquisición | Número de inventario | Total de préstamos | Signatura topográfica completa | Código de barras | Fecha visto por última vez | Precio válido a partir de | Tipo de ítem Koha |
|---|---|---|---|---|---|---|---|---|---|---|---|---|---|
| El ejemplar forma parte de la colección y puede ser consultado según las políticas vigentes. | Biblioteca Centro de Estudios Ruth D. Lechuga | Biblioteca Centro de Estudios Ruth D. Lechuga | 23/08/2013 | Au538 | GN37.M4 .M87 1968 (Au538) | GRL00561 | 22/03/2019 | 22/03/2019 | Libros |